Music Business (E-Book) (Record no. 192852)

000 -LEADER
fixed length control field 01218 a2200289 4500
003 - CONTROL NUMBER IDENTIFIER
control field Nust
005 - DATE AND TIME OF LATEST TRANSACTION
control field 20170207154045.0
020 ## - INTERNATIONAL STANDARD BOOK NUMBER
International Standard Book Number 0-203-87505-6
020 ## - INTERNATIONAL STANDARD BOOK NUMBER
International Standard Book Number 978-0-203-87505-6
035 ## - SYSTEM CONTROL NUMBER
System control number (AU-PeEL)EBL446935
035 ## - SYSTEM CONTROL NUMBER
System control number (OCoLC)449243651
040 ## - CATALOGING SOURCE
Transcribing agency Nust
082 00 - DEWEY DECIMAL CLASSIFICATION NUMBER
Classification number 338.4778
100 1# - MAIN ENTRY--PERSONAL NAME
Personal name The Key Concepts.
245 10 - TITLE STATEMENT
Title Music Business (E-Book)
Medium [Elektronisk resurs] :
Remainder of title The Key Concepts.
260 ## - PUBLICATION, DISTRIBUTION, ETC.
Place of publication, distribution, etc. Hoboken :
Name of publisher, distributor, etc. Taylor & Francis,
Date of publication, distribution, etc. 2009.
300 ## - PHYSICAL DESCRIPTION
Extent 1 online resource (209 p.)
490 1# - SERIES STATEMENT
Series statement Routledge Key Guides
500 ## - GENERAL NOTE
General note Description based upon print version of record.
505 0# - FORMATTED CONTENTS NOTE
Formatted contents note BOOK COVER; TITLE; COPYRIGHT; CONTENTS; ACKNOWLEDGEMENTS; LIST OF KEY CONCEPTS; INTRODUCTION; MUSIC BUSINESS: The Key Concepts; BIBLIOGRAPHY; INDEX;
520 ## - SUMMARY, ETC.
Summary, etc. Organised in an accessible A-Z format and fully cross-referenced throughout, this book is a comprehensive guide to the terminology commonly used in the music business today. It embraces definitions from a number of relevant fields, from e-commerce to intellectual property law.
650 #4 - SUBJECT ADDED ENTRY--TOPICAL TERM
Topical term or geographic name entry element Music trade -- Dictionaries.
650 #4 - SUBJECT ADDED ENTRY--TOPICAL TERM
Topical term or geographic name entry element Music trade.
651 ## - SUBJECT ADDED ENTRY--GEOGRAPHIC NAME
Geographic name (E-Book)
655 #0 - INDEX TERM--GENRE/FORM
Genre/form data or focus term Electronic books.
830 #0 - SERIES ADDED ENTRY--UNIFORM TITLE
Uniform title Routledge Key Guides
942 ## - ADDED ENTRY ELEMENTS (KOHA)
Source of classification or shelving scheme
Koha item type Book
Holdings
Withdrawn status Lost status Source of classification or shelving scheme Damaged status Not for loan Collection code Permanent Location Current Location Date acquired Total Checkouts Full call number Barcode Date last seen Price effective from Koha item type
            Military College of Signals (MCS) Military College of Signals (MCS) 12/12/2016   338.4778 LEY MCSEB-2427 12/08/2016 12/12/2016 Book
© 2023 Central Library, National University of Sciences and Technology. All Rights Reserved.